000 01089cad a22002055a 4500
001 L154207
008 111101s2011 xxk f 000 0 eng d
035 _a(Sirsi) u154207
041 0 _aeng
110 2 _aUnited Kingdom
_bMinistry of Justice
_95477
245 0 0 _aOptions for dealing with squatting
_bresponse to consultation
_h[electronic resource]
260 _aLondon
_bMoJ
_c2011
520 _aSummary of responses to consultation on Options for dealing with squatters (L153359) 2011 which closed on 5 October 2011. The Government is planning to criminalise squatting in residential buildings through an amendment to the Legal Aid and Sentencing and Punishment of Offenders Bill 2011. To view progress of Bill see http://services.parliament.uk/bills/
590 _aKA NTK
650 2 4 _aLEGAL AID AND SENTENCING AND PUNISHMENT OF OFFENDERS BILL 2011
651 4 _aENGLAND AND WALES
690 _aPROPERTY
856 4 0 _uhttps://www.justice.gov.uk/downloads/consultations/options-dealing-squatting-response.pdf
_zView the item free of charge at www.www.justice.gov.uk
942 _n0
999 _c112884
_d112884